Minecraft Advancements [1.21.4] - Statistics

General Stats
  • This quiz has been taken 93 times
  • The average score is 47 of 122
Answer Stats
Icon Item Hint Answer % Correct
Stone Pickaxe Construct a better Pickaxe Getting an Upgrade
87%
Grass Block The heart and story of the game Minecraft
82%
Wooden Pickaxe Mine Stone with your new Pickaxe Stone Age
82%
Diamond Acquire diamonds Diamonds!
76%
End Stone Enter the End Portal The End?
73%
Lava Bucket Fill a Bucket with lava Hot Stuff
67%
Iron Chestplate Protect yourself with a piece of iron armor Suit Up
67%
Flint and Steel Build, light, and enter a Nether Portal We Need to Go Deeper
64%
Enchanted Book Enchant an item at an Enchanting Table Enchanter
62%
Eye of Ender Follow an Eye of Ender Eye Spy
62%
Obsidian Obtain a block of Obsidian Ice Bucket Challenge
62%
Shield Deflect a projectile with a Shield Not Today, Thank You
62%
Iron Ingot Smelt an Iron Ingot Acquire Hardware
60%
Fire Charge Destroy a Ghast with a fireball Return to Sender
60%
Diamond Chestplate Diamond armor saves lives Cover Me with Diamonds
58%
Iron Pickaxe Upgrade your Pickaxe Isn't It Iron Pick
58%
Golden Apple Weaken and then cure a Zombie Villager Zombie Doctor
58%
Gold Ingot Distract Piglins with Gold Oh Shiny
56%
Cracked Nether Bricks Break your way into a Nether Fortress A Terrible Fortress
53%
Cracked Polished Blackstone Bricks Enter a Bastion Remnant Those Were the Days
51%
Ghast Tear Rescue a Ghast from the Nether, bring it safely home to the Overworld... and then kill it Uneasy Alliance
51%
Chest Loot a Chest in a Bastion Remnant War Pigs
51%
Netherite Chestplate Get a full suit of Netherite armor Cover Me in Debris
49%
Blaze Rod Relieve a Blaze of its rod Into Fire
49%
Crying Obsidian Obtain Crying Obsidian Who is Cutting Onions?
49%
Bucket Have every effect applied at the same time How Did We Get Here?
47%
Spyglass Look at a Ghast through a Spyglass Is It a Balloon?
47%
Elytra Find Elytra Sky's the Limit
47%
Wither Skeleton Skull Obtain a Wither Skeleton's skull Spooky Scary Skeleton
47%
Red Bed Sleep in a Bed to change your respawn point Sweet Dreams
47%
End Stone Or the beginning? The End
47%
Ominous Banner Successfully defend a village from a raid Hero of the Village
44%
Ancient Debris Obtain Ancient Debris Hidden in the Depths
44%
Netherite Boots Explore all Nether biomes Hot Tourist Destinations
44%
Spyglass Look at a Parrot through a Spyglass Is It a Bird?
44%
Iron Sword Kill any hostile monster Monster Hunter
44%
Sculk Sensor Sneak near a Sculk Sensor or Warden to prevent it from detecting you Sneak 100
44%
Arrow Kill a Skeleton from at least 50 meters away Sniper Duel
44%
Bow Shoot something with an Arrow Take Aim
44%
Trident Throw a Trident a something. Note: Throwing away your only weapon is not a good idea. A Throwaway Joke
42%
Target Hit the bullseye of a Target block from at least 30 meters away Bullseye
42%
Lodestone Use a Compass on a Lodestone Country Lode, Take Me Home
42%
Spyglass Look at the Ender Dragon through a Spyglass Is It a Plane?
42%
Sculk Catalyst Kill a mob near a Sculk Catalyst It Spreads
42%
Nether Bricks Bring summer clothes Nether
42%
Respawn Anchor Charge a Respawn Anchor to the maximum Not Quite "Nine" Lives
42%
Crossbow Shoot a Crossbow Ol' Betsy
42%
Empty Map Use the Nether to travel 7km in the Overworld Subspace Bubble
42%
End Crystal Respawn the Ender Dragon The End... Again...
42%
Empty Map Adventure, exploration and combat Adventure
40%
Dragon Egg Hold the Dragon Egg The Next Generation
40%
Milk Bucket Have every potion effect applied at the same time A Furious Cocktail
38%
Beacon Bring a Beacon to full power Beaconator
38%
Carved Pumpkin Summon an Iron Golem to help defend a village Hired Help
38%
Potion of Regeneration Brew a Potion Local Brewery
38%
Diamond Sword Kill one of every hostile monster Monsters Hunted
38%
Purpur Block Go on in, what could happen? The City at the End of the Game
38%
Warped Fungus on a Stick Ride a Strider with a Warped Fungus on a Stick This Boat Has Legs
38%
Emerald Successfully trade with a Villager What a Deal!
38%
Crossbow Give a Pillager a taste of their own medicine Who's the Pillager Now?
38%
Diamond Boots Discover every biome Adventuring Time
36%
Lead Tame an animal Best Friends Forever
36%
Water Bucket Free fall from the top of the world (build limit) to the bottom of the world and survive Caves & Cliffs
36%
Dragon Head Good luck Free the End
36%
Totem of Undying Use a Totem of Undying to cheat death Postmortal
36%
Netherite Hoe Use a Netherite Ingot to upgrade a Hoe, and then reevaluate your life choices Serious Dedication
36%
Honey Block Jump into a Honey Block to break your fall Sticky Situation
36%
Wheat Breed two animals together The Parrots and the Bats
36%
Dragon's Breath Collect Dragon's Breath in a Glass Bottle You Need a Mint
36%
Beacon Construct and place a Beacon Bring Home the Beacon
33%
Warped Fungus on a Stick Take a Strider for a loooong ride of a lava lake in the Overworld Feels Like Home
33%
Shulker Shell Levitate up 50 blocks from the attacks of a Shulker Great View From Up Here
33%
Hay Bale The world is full of friends and food Husbandry
33%
Ender Pearl Escape the island Remote Getaway
33%
Emerald Trade with a Villager at the build height limit Star Trader
33%
Lightning Rod Protect a Villager from an undesired shock without starting a fire Surge Protector
33%
Stone Axe Scrape Wax off a Copper block! Wax Off
33%
Honeycomb Apply Honeycomb to a Copper block! Wax On
33%
Oak Boat Get in a Boat and float with a Goat Whatever Floats Your Goat!
33%
Nether Star Summon the Wither Withering Heights
33%
Apple Eat everything that is edible, even if it's not good for you A Balanced Diet
31%
Wheat Plant a seed and watch it grow A Seedy Place
31%
Leather Boots Walk on Powder Snow... without sinking in it Light as a Rabbit
31%
Bee Nest Move a Bee Nest, with 3 Bees inside, using Silk Touch Total Beelocation
31%
Crossbow Kill two Phantoms with a piercing Arrow Two Birds, One Arrow
31%
Golden Carrot Breed all the animals! Two by Two
31%
Raw Cod Tame all Cat variants! A Complete Catalogue
29%
Jukebox Make the Meadows come alive with the sound of music from a Jukebox Sound of Music
29%
Bucket of Pufferfish Catch a Fish... without a Fishing Rod! Tactical Fishing
29%
Wind Charge Use a Wind Charge to launch yourself upwards 8 blocks Who Needs Rockets?
29%
Crossbow Kill five unique mobs with one crossbow shot Arbalistic
27%
Crafter Be near a Crafter when it crafts a Crafter Crafters Crafting Crafters
27%
Dune Armor Trim Craft a trimmed armor at a Smithing Table Crafting a New Look
27%
Fishing Rod Catch a fish Fishy Business
27%
Chiseled Tuff Step foot in a Trial Chamber Minecraft: Trial(s) Edition
27%
Silence Smithing Template Apply these smithing templates at least once: Spire, Snout, Rib, Ward, Silence, Vex, Tide, Wayfinder Smithing with Style
27%
Trident Strike a Villager with lightning Very Very Frightening
27%
Ominous Banner Kill a raid captain. Maybe consider staying away from villages for the time being... Voluntary Exile
27%
Glow Ink Sac Make the text of any kind of sign glow Glow and Behold!
24%
Armadillo Scute Get Armadillo Scutes from an Armadillo using Brush Isn't It Scute?
24%
Mace Deal 50 hearts of damage in a single hit using the Mace Over-Overkill
24%
Bucket of Axolotl Catch an Axolotl in a Bucket The Cutest Predator
24%
Chiseled Bookshelf Read the power signal of a Chiseled Bookshelf using a Comparator The Power of Books
24%
Honey Bottle Use a Campfire to collect Honey from a Beehive using a Glass Bottle without aggravating the Bees Bee Our Guest
22%
Wind Charge Kill a Breeze with a deflected Breeze-shot Wind Charge Blowback
22%
Decorated Pot Make a Decorated Pot out of 4 Pottery Sherds Careful Restoration
22%
Brush Brush a Suspicious block to obtain a Pottery Sherd Respecting the Remnants
22%
Note Block Have an Allay drop a Cake at a Note Block Birthday Song
20%
Bucket of Tadpole Catch a Tadpole in a Bucket Bukkit Bukkit
20%
Copper Bulb Scrape a Copper Bulb with an Axe to make it brighter Lighten Up
20%
Torchflower Seeds Feed a Snifflet Little Sniffs
20%
Bone Tame one of each Wolf variant The Whole Pack
20%
Lead Get each Frog variant on a Lead When the Squad Hops into Town
20%
Cookie Have an Allay deliver items to you You've Got a Friend in Me
20%
Ominous Trial Key Use an Ominous Trial Key on an Ominous Vault Revaulting
18%
Verdant Froglight Have all Froglights in your inventory With Our Powers Combined!
18%
Pitcher Pod Plant any Sniffer seed Planting the Past
16%
Sniffer Egg Obtain a Sniffer Egg Smells Interesting
16%
Bucket of Tropical Fish Team up with an axolotl and win a fight The Healing Power of Friendship!
16%
Trial Key Use a Trial Key on a Vault Under Lock and Key
16%
Wolf Armor Repair a damaged Wolf Armor using Armadillo Scutes Good as New
9%
Shears Remove Wolf Armor from a Wolf using Shears Shear Brilliance
9%
No matching quizzes found
Score Distribution
Percent of People with Each Score
Percentile by Number Answered
Your Score History
You have not taken this quiz